Porovnanie ekonomického vývoja SR s vývojom v ČR, Maďarsku a v Poľsku v rokoch 1993, 1994 a v 1. polroku 1995

Porovnanie vybraných ekonomických ukazovateľov SR s výsledkami dosiahnutými v Českej republike, Maďarsku a Poľsku v r. 1993-1995. Indexy hrubého domáceho produktu, spotrebiteľských cien a reálnych mesačných miezd. Miera nezamestnanosti, zahraničný obchod, výmenné kurzy a zahraničný dlh.

Na minha lista:
Detalhes bibliográficos
Formato: Capítulo de Livro
Idioma:eslovaco
Assuntos:
Tags: Adicionar Tag
Sem tags, seja o primeiro a adicionar uma tag!

MARC

LEADER 00000naa a2200000 4500
001 r019549
005 20221205102008.8
041 0 |a slo 
044 |a SK 
245 1 0 |a Porovnanie ekonomického vývoja SR s vývojom v ČR, Maďarsku a v Poľsku v rokoch 1993, 1994 a v 1. polroku 1995 
520 |a Porovnanie vybraných ekonomických ukazovateľov SR s výsledkami dosiahnutými v Českej republike, Maďarsku a Poľsku v r. 1993-1995. Indexy hrubého domáceho produktu, spotrebiteľských cien a reálnych mesačných miezd. Miera nezamestnanosti, zahraničný obchod, výmenné kurzy a zahraničný dlh. 
610 2 0 |a Slovensko 
610 2 0 |a Česko 
610 2 0 |a Maďarsko 
610 2 0 |a Poľsko 
610 2 0 |a 1993-1995 
610 2 0 |a rast hospodársky 
610 2 0 |a porovnanie štatistické medzinárodné 
610 2 0 |a ukazovatele NH 
610 2 0 |a rozpočet štátny 
610 2 0 |a údaje štatistické